| 000 | 00497nam a22001697a 4500 | ||
|---|---|---|---|
| 003 | SGT | ||
| 020 | _a9789352709137 | ||
| 082 |
_a618.92 _bP19P |
||
| 100 | _aPARTHASARATHY.A, ed. | ||
| 245 | _aPARTHA'S INVESTIGATIONS AND INTERPRETATIONS IN PEDIATRIC AND ADOLESCENT PRACTICE | ||
| 250 | _a1ST | ||
| 260 |
_aNEW DELHI _bJAYPEE BRO.PUB. _c2019 |
||
| 300 | _a365 | ||
| 650 | _aPEDIATRIC | ||
| 653 | _aPARTHA'S, INVESTIGATIONS , INTERPRETATIONS , PEDIATRIC , ADOLESCENT, PRACTICE | ||
| 942 |
_2ddc _cBK |
||
| 999 |
_c34748 _d34748 |
||